Equipo de prueba para automóviles : herramientas para la exploración de fallas y simuladores de sensores /

Serie de capacitación sobre equipo de prueba para automóviles, dividida en tres tomos. El primero de los volúmenes, referido a herramientas para la exploración de fallas y simuladores de sensores, presenta los siguientes puntos como contenidos más relevantes: 1. El sistema de diagnóstico a bordo OBD...

Descrición completa

Gardado en:
Detalles Bibliográficos
Autor Principal: Bilotta, Peter (autor)
Outros autores: Valerio, John (producción) (producción)
Formato: Deslizar
Idioma:Lingua castelá
Publicado: EUA : Bergwall, 1998, c1998
México : Thomson [distribución], 2004, c2004
Temas:
Etiquetas: Engadir etiqueta
Sen Etiquetas, Sexa o primeiro en etiquetar este rexistro!

MARC

LEADER 00000ngm^a2200000^a^4500
001 000189831
005 20250521000000.0
009 20260310102429.131
020 |a 970-686-446-6 
037 |a Acervo ITESO - Biblioteca 
041 |a ESP 
082 |a 629. 28  |b BIL V. 1 
100 |a Bilotta, Peter  |e (autor) 
240 1 1 |a [Equipo de prueba para automóviles] 
245 1 0 |a Equipo de prueba para automóviles :  |b herramientas para la exploración de fallas y simuladores de sensores /  |c P. Bilotta ; prod. de J. Valerio. 
264 4 |a EUA :  |b Bergwall,  |c 1998, c1998 
264 4 |a México :  |b Thomson [distribución],  |c 2004, c2004 
300 |a 1 DVD sin dato de región  |c (20 min.) 
336 |a imagen móvil bidimensional  |b tdi  |2 rdacontenido 
337 |a video  |b v  |2 rdamedio 
338 |a videodisco  |b vd  |2 rdasoporte 
500 |a Traducción de: Automotive Test Equipment: Scan Tools and Sensor Simulators 
520 |a Serie de capacitación sobre equipo de prueba para automóviles, dividida en tres tomos. El primero de los volúmenes, referido a herramientas para la exploración de fallas y simuladores de sensores, presenta los siguientes puntos como contenidos más relevantes: 1. El sistema de diagnóstico a bordo OBD II usa un conector de vínculo de datos universal y códigos de falla comunes. 2. Los equipos de exploración hacen interfaz con la computadora del vehículo y despliegan información relativa a señales que entran y salen. 3. La capacidad bidireccional permite al equipo de exploración controlar funciones específicas de la computadora y 4. Un verificador de sensor puede introducir una señal en la computadora como sustituto de un sensor a bordo o un interruptor que se sospeche esté funcionando mal. 
546 |a Doblaje al español 
649 |a XX 
650 |a Automóviles -  |x Pruebas -  |x Tema Principal 
650 |a Automóviles -  |x Mantenimiento y Reparación 
650 |a Automóviles -  |x Equipo Eléctrico 
650 |a Interfaz de Usuario 
650 |a Computadoras 
650 |a Interfaz (Electrónica) 
650 |a Sensores 
650 |a Electrónica -  |x Equipo y Aparatos 
650 |a Transporte Terrestre 
650 |a Ingeniería Electrónica 
650 |a Ingeniería Automotriz 
700 |a Valerio, John  |e (producción) 
910 |a Fondo General 
920 |a Audiovisuales - DVDs 
905 |a 308 
901 |a 0500129198  |b IT2  |c DVR  |u 20250521 
902 |a https://opac.biblio.iteso.mx/vufind/Record/000189831